000 00305nam a2200133Ia 4500
005 20251222155204.0
008 251222s9999||||xx |||||||||||||| ||spa||
082 _aLEN. 02.2
100 _aLLORENS, M.F.
245 0 _aTécnicas de Comunicación 2
250 _a1ra. ed.
264 _bAnaya
942 _cLIB
999 _c40054
_d40054